Science Quiz

Random Science Quiz

Nielsen's 10 Usability Heuristics Quiz Stats

 Plays Quiz not verified by Sporcle

Score 0/10 Timer 02:00
0 Plays Today
% Correct
Visibility of system status
90%
Error prevention
88.2%
Match between system and real world
86.4%
Help and documentation
86.4%
Aesthetic and minimalist design
80%
Consistency and standards
79.1%
Flexibility and efficiency of use
77.3%
Recognition rather than recall
73.6%
User control and freedom
70%
Help users recognize, diagnose and recover from errors
69.1%

You're not logged in!

Compare scores with friends on all Sporcle quizzes.
OR
Log In

Show Comments

Extras

Created May 9, 2013ReportNominate
Tags:heuristic, nielsen

Top Quizzes Today


Score Distribution

Your Account Isn't Verified!

In order to create a playlist on Sporcle, you need to verify the email address you used during registration. Go to your Sporcle Settings to finish the process.

Report this User

Report this user for behavior that violates our Community Guidelines.

Details: